| 000 | 01034cab a2200289 4500 | ||
|---|---|---|---|
| 001 | ABS52718 | ||
| 008 | 090401t1995 xxu||||| |||| 00| 0 eng d | ||
| 035 | _a(Sirsi) u92784 | ||
| 041 | _aeng | ||
| 100 | _aCollar, N. | ||
| 245 | _aSites of special scientific interest: resolving objections | ||
| 260 | _c1995 | ||
| 350 | _a0 | ||
| 490 |
_aJournal of the Law Society of Scotland _v40(4) April 1995, 139-140(2) |
||
| 520 | _aThe process of designating SSSIs now includes the opportunity for investigation by the independent Advisory Committee. This article considers the first case in which the Advisory Committee have participated. | ||
| 650 | _aHABITATS DIRECTIVE | ||
| 650 | _aLAKE MENTEITH | ||
| 650 | _aNATURAL HERITAGE (SCOTLAND) ACT 1991 | ||
| 650 | _aNATURE CONSERVATION | ||
| 650 | _aSCOTTISH NATURAL HERITAGE | ||
| 650 | _aSITES OF SPECIAL SCIENTIFIC INTEREST | ||
| 650 | _aWILDLIFE AND COUNTRYSIDE ACT 1981 | ||
| 690 | _aCONSERVATION | ||
| 690 | _aRURAL PRACTICE | ||
| 942 | _n0 | ||
| 948 | _c04/03/1997 | ||
| 999 |
_c58808 _d58808 |
||